000
00292nam a2200121Ia 4500
008
190216s9999||||xx |||||||||||||| ||und||
100
_a
Dr.Ramanarayana Simh
245
0
_a
Hindi-Prasad Ke Ithihasik Nadak
260
_b
Megha Prakashan
_c
2010
300
_a
160
650
_a
Hindi
942
_c
BK
999
_c
16760
_d
16760